00339nam a22001337a 450000500170000000800410001704100080005808200080006610000130007424500610008726000400014830000090018865000080019720200529120943.0200529b xxu||||| |||| 00| 0 eng d aeng a340 aBARE ACT aTHE INDIAN MEDICINE CENTRAL COUNCIL ACT, 1970 (48- 1970) aDELHIbPROFESSIONAL BOOK PUBLISHERS a84,p aLAW